Flags of the Mekong River Countries - Statistics

General Stats
  • This quiz has been taken 85 times
  • The average score is 6 of 6
Answer Stats
Picture Answer % Correct
China
99%
Laos
96%
Vietnam
96%
Cambodia
95%
Thailand
95%
Myanmar
94%
No matching quizzes found
Score Distribution
Percent of People with Each Score
Percentile by Number Answered
Your Score History
You have not taken this quiz